[Event "International Championship of Central Serbia 2015 - OPEN A"]
[Site "Paracin, hotel Petrus"]
[Date "2015.07.04"]
[Round "3.23"]
[White "Vajic, Goran"]
[Black "Popovic, Djordje D"]
[Result "0-1"]
[WhiteElo "2372"]
[BlackElo "2219"]
[PlyCount "82"]
[EventDate "2015.07.03"]

1. e4 c5 2. Nc3 d6 3. f4 Nc6 4. Nf3 g6 5. Bc4 Bg7 6. O-O e6 7. d3 Nge7 8. Qe1
Bd7 9. Qh4 Nd4 10. Nxd4 cxd4 11. Ne2 Nc6 12. Qf2 Qb6 13. f5 gxf5 14. exf5 d5
15. fxe6 Bxe6 16. Bb3 O-O-O 17. Nf4 Be5 18. Bd2 Rhg8 19. Rae1 Qc7 20. g3 Rg4
21. Kh1 h5 22. Qf3 Qd6 23. Re2 Rgg8 24. Nxe6 fxe6 25. Ref2 Rg4 26. Qe2 Rdg8 27.
Bf4 h4 28. Re1 hxg3 29. hxg3 Bxf4 30. gxf4 Rh8+ 31. Rh2 Rxh2+ 32. Qxh2 Rxf4 33.
Rg1 Qe5 34. Qh7 Qf6 35. Rg6 Rh4+ 36. Kg2 Qf4 37. Qg8+ Nd8 38. Rg3 Qd2+ 39. Kg1
Qh2+ 40. Kf1 Rf4+ 41. Ke1 Qf2+ 0-1

[Event "International Championship of Central Serbia 2015 - OPEN A"]
[Site "Paracin, hotel Petrus"]
[Date "2015.07.04"]
[Round "3.24"]
[White "Fernandez, Michael"]
[Black "Ratkovic, Miloje"]
[Result "0-1"]
[WhiteElo "2249"]
[BlackElo "2341"]
[PlyCount "64"]
[EventDate "2015.07.03"]

1. e4 c6 2. Nc3 d5 3. d4 a6 4. e5 Bf5 5. Nge2 e6 6. Nf4 c5 7. g4 Bg6 8. dxc5
Qc7 9. Nxg6 hxg6 10. Bf4 Bxc5 11. Bg2 Ne7 12. Qf3 Bd4 13. Qg3 g5 14. Bxg5 Bxe5
15. Qd3 Nbc6 16. Bxe7 Qxe7 17. O-O-O Nb4 18. Qe3 Qc7 19. Kb1 Rc8 20. a3 Bxc3
21. bxc3 Nc6 22. Bxd5 Ne7 23. Bg2 O-O 24. Rd3 Qa5 25. Kb2 Ng6 26. f4 Qb5+ 27.
Kc1 Qa4 28. Qd4 Rc4 29. Qd6 Nxf4 30. Rd2 Rxc3 31. Kb2 Rfc8 32. Rc1 Nd3+ 0-1

[Event "International Championship of Central Serbia 2015 - OPEN A"]
[Site "Paracin, hotel Petrus"]
[Date "2015.07.04"]
[Round "3.25"]
[White "Pantelic, Sasa"]
[Black "Mikanovic, Sandro"]
[Result "1/2-1/2"]
[WhiteElo "2324"]
[BlackElo "2212"]
[PlyCount "103"]
[EventDate "2015.07.03"]

1. d4 c6 2. c4 d5 3. cxd5 cxd5 4. Nc3 Nf6 5. Bf4 Nc6 6. e3 Bg4 7. Qb3 Na5 8.
Qa4+ Bd7 9. Qc2 a6 10. Bd3 e6 11. Nf3 Be7 12. O-O Rc8 13. h3 O-O 14. Ne5 h6 15.
Qe2 b5 16. a3 Nc4 17. a4 Be8 18. Rfc1 Qb6 19. axb5 axb5 20. b3 Nd6 21. Qa2 Nfe4
22. Bxe4 Nxe4 23. Nxe4 Rxc1+ 24. Rxc1 dxe4 25. Qc2 f6 26. Ng4 h5 27. Nh2 g5 28.
Bc7 Qb7 29. Ba5 Bd7 30. Qd1 h4 31. Rc7 Qd5 32. Qh5 Kg7 33. f4 Rh8 34. Qe2 gxf4
35. Qg4+ Kf7 36. Qxf4 Rc8 37. Ng4 Rxc7 38. Bxc7 Qxb3 39. Qxe4 f5 40. Ne5+ Kg7
41. Qf4 Be8 42. Nf3 Qb1+ 43. Kh2 Qe4 44. Be5+ Kg6 45. Qxe4 fxe4 46. Nd2 Bc6 47.
Kg1 Bd5 48. Kf2 b4 49. Ke2 Kf5 50. g3 hxg3 51. Bxg3 Ba2 52. Be1 1/2-1/2

[Event "International Championship of Central Serbia 2015 - OPEN A"]
[Site "Paracin, hotel Petrus"]
[Date "2015.07.04"]
[Round "3.26"]
[White "Popovic, Aleksandar M"]
[Black "Brankovic, Dejan"]
[Result "1/2-1/2"]
[WhiteElo "2246"]
[BlackElo "2322"]
[PlyCount "24"]
[EventDate "2015.07.03"]

1. Nf3 g6 2. g3 Bg7 3. Bg2 Nf6 4. O-O O-O 5. c4 d6 6. Nc3 e5 7. d4 Nbd7 8. dxe5
dxe5 9. h3 c6 10. a4 a5 11. Be3 Qe7 12. Qc1 Nc5 1/2-1/2

[Event "International Championship of Central Serbia 2015 - OPEN A"]
[Site "Paracin, hotel Petrus"]
[Date "2015.07.04"]
[Round "3.27"]
[White "Gajic, Mladen"]
[Black "Besedes, Danilo"]
[Result "1-0"]
[WhiteElo "2227"]
[BlackElo "2307"]
[PlyCount "111"]
[EventDate "2015.07.03"]

1. d4 d5 2. c4 e6 3. Nc3 Be7 4. Nf3 Nf6 5. Bg5 h6 6. Bh4 O-O 7. e3 b6 8. cxd5
exd5 9. Bd3 c5 10. h3 Nc6 11. O-O Be6 12. Rc1 c4 13. Bb1 Rc8 14. Re1 Re8 15.
Ne5 Nxe5 16. dxe5 Nh7 17. Bxe7 Rxe7 18. f4 Rc5 19. a4 Qa8 20. Nb5 Bd7 21. Nd4
Nf8 22. Re2 Qb7 23. Rd2 Qa6 24. Nf5 Bxf5 25. Bxf5 Qa5 26. Qc2 Rec7 27. Rd4 b5
28. e4 b4 29. exd5 Rxd5 30. Rxc4 Rxc4 31. Qxc4 Rd2 32. b3 g6 33. Bg4 h5 34. Rd1
Qb6+ 35. Kh2 Rf2 36. Bc8 Qe3 37. e6 fxe6 38. Rd8 Kf7 39. Qc7+ Kg8 40. Qe5 Qxe5
41. fxe5 Re2 42. Bxe6+ Kg7 43. Bc4 Rxe5 44. Ra8 a5 45. Ra7+ Kh6 46. h4 g5 47.
Ra6+ Kg7 48. hxg5 Rxg5 49. Bb5 Ng6 50. Rxa5 Nf4 51. Ra7+ Kf6 52. Bf1 Ke6 53.
Rb7 Kd6 54. Rb6+ Kd7 55. Rxb4 Nd5 56. Rb5 1-0

[Event "International Championship of Central Serbia 2015 - OPEN A"]
[Site "Paracin, hotel Petrus"]
[Date "2015.07.04"]
[Round "3.28"]
[White "Stanojevic, Branko"]
[Black "Martic, Zlatko"]
[Result "1-0"]
[WhiteElo "2223"]
[BlackElo "2299"]
[PlyCount "71"]
[EventDate "2015.07.03"]

1. d4 Nf6 2. c4 g6 3. Nc3 Bg7 4. e4 d6 5. Be2 O-O 6. Bg5 Nbd7 7. g4 c5 8. d5 a6
9. a4 Ne5 10. h3 Qa5 11. Bd2 e6 12. f4 Ned7 13. g5 Nh5 14. Bxh5 gxh5 15. Nge2
Qd8 16. Qc2 Nb6 17. b3 exd5 18. exd5 Re8 19. O-O-O h4 20. Rdf1 Nd7 21. Rhg1 b5
22. Ne4 Rxe4 23. Qxe4 bxc4 24. bxc4 Rb8 25. f5 Bb2+ 26. Kd1 Ne5 27. g6 hxg6 28.
fxg6 f5 29. Rxf5 Qe8 30. g7 Bxf5 31. Qxf5 Qxa4+ 32. Ke1 Re8 33. Rf1 Qa1+ 34.
Kf2 Qa3 35. Kg2 Kxg7 36. Qg5+ 1-0

[Event "International Championship of Central Serbia 2015 - OPEN A"]
[Site "Paracin, hotel Petrus"]
[Date "2015.07.04"]
[Round "3.29"]
[White "Kett, Tim"]
[Black "Hjelmas, Lars"]
[Result "1/2-1/2"]
[WhiteElo "2219"]
[BlackElo "2291"]
[PlyCount "133"]
[EventDate "2015.07.03"]

1. e4 e6 2. d4 b6 3. Nc3 Bb7 4. Nf3 Bb4 5. Bd3 Nf6 6. Qe2 d5 7. e5 Ne4 8. Bd2
Nxd2 9. Qxd2 Be7 10. Ne2 c5 11. c3 Nc6 12. O-O Qd7 13. Rfe1 h6 14. Rad1 c4 15.
Bb1 b5 16. b3 a5 17. bxc4 bxc4 18. h4 Na7 19. Nf4 g6 20. Nh2 Bxh4 21. Ng4 O-O-O
22. Bc2 Bc6 23. Rb1 Kc7 24. Nh3 h5 25. Nf6 Bxf6 26. exf6 Nb5 27. Ng5 Rhg8 28.
Nf3 Na3 29. Rb2 Rb8 30. Bd1 Qd6 31. Rxb8 Rxb8 32. Ne5 Be8 33. Ba4 Bxa4 34. Nxf7
Qd7 35. Qf4+ Kb7 36. Ng5 Qc7 37. Qc1 Nb5 38. Nxe6 Qf7 39. Nc5+ Ka8 40. Nxa4
Qxf6 41. Nc5 Qf5 42. Re5 Nxd4 43. Rxf5 Ne2+ 44. Kh2 Nxc1 45. Rxd5 Rb5 46. a4
Rb2 47. Ne4 Nb3 48. Rg5 Ra2 49. Rxg6 Rxa4 50. f4 Ra1 51. f5 Rf1 52. Nd6 Nd2 53.
f6 Kb8 54. f7 Kc7 55. Rg8 Kxd6 56. f8=Q+ Rxf8 57. Rxf8 Ne4 58. Ra8 Nxc3 59.
Rxa5 Nd5 60. Kg3 c3 61. Kf3 c2 62. Ra1 Kc5 63. Rc1 Nb4 64. Kg3 Kd4 65. Kh4 Kd3
66. Kxh5 Kd2 67. Rxc2+ 1/2-1/2

[Event "International Championship of Central Serbia 2015 - OPEN A"]
[Site "Paracin, hotel Petrus"]
[Date "2015.07.04"]
[Round "3.30"]
[White "Dimitrijevic, Nenad"]
[Black "Djordjevic, Vuk"]
[Result "0-1"]
[WhiteElo "2216"]
[BlackElo "2287"]
[PlyCount "104"]
[EventDate "2015.07.03"]

1. e4 c5 2. Nf3 d6 3. Bb5+ Bd7 4. Bxd7+ Nxd7 5. d4 cxd4 6. Qxd4 Ngf6 7. c4 g6
8. Nc3 Bg7 9. O-O O-O 10. Qd3 a6 11. Be3 Qa5 12. Rac1 Rfb8 13. Bd4 b5 14. b3 b4
15. Nd5 Nxd5 16. exd5 Qxa2 17. Bxg7 Kxg7 18. Rc2 Qa5 19. Nd4 Qc7 20. Nc6 Re8
21. Re2 e5 22. dxe6 Qxc6 23. exd7 Rxe2 24. Qxe2 Rd8 25. Qb2+ Kg8 26. Re1 Qxd7
27. h3 d5 28. Rd1 d4 29. Rd3 a5 30. Qd2 Qd6 31. g3 h5 32. h4 Qe5 33. Kh2 Qe4
34. Kg1 Kg7 35. Kh2 Qe5 36. Kg1 Qc5 37. Qg5 Qxg5 38. hxg5 f6 39. Kg2 fxg5 40.
Kf3 Kf6 41. Ke4 Ke6 42. g4 h4 43. f4 gxf4 44. Kxf4 g5+ 45. Kxg5 Ke5 46. Kxh4
Ke4 47. Rd1 d3 48. g5 d2 49. g6 Ke3 50. Kg5 Ke2 51. Rxd2+ Kxd2 52. Kf6 a4 0-1

[Event "International Championship of Central Serbia 2015 - OPEN A"]
[Site "Paracin, hotel Petrus"]
[Date "2015.07.04"]
[Round "3.31"]
[White "Gavrilescu, David"]
[Black "Persson, Richard"]
[Result "1/2-1/2"]
[WhiteElo "2282"]
[BlackElo "2158"]
[PlyCount "120"]
[EventDate "2015.07.03"]

1. e4 d5 2. exd5 Qxd5 3. Nf3 Bg4 4. Be2 Nc6 5. d4 e5 6. c4 Qa5+ 7. Bd2 Bb4 8.
d5 Bxf3 9. Bxf3 Nd4 10. Nc3 Qa6 11. Be2 Ne7 12. a3 Bxc3 13. Bxc3 Nxe2 14. Qxe2
f6 15. f4 Ng6 16. fxe5 fxe5 17. O-O O-O-O 18. Rf7 Rhe8 19. Raf1 Kb8 20. Qe4 Rg8
21. c5 Nf4 22. Bxe5 Nxd5 23. Bxg7 Qc6 24. b4 a5 25. Rf8 Rdxf8 26. Rxf8+ Rxf8
27. Bxf8 Nxb4 28. Qxh7 Na6 29. Qf5 Qe8 30. g4 Qe3+ 31. Kg2 Qxa3 32. g5 Qa2+ 33.
Kg3 a4 34. c6 Qb3+ 35. Qf3 Qg8 36. Be7 Qe6 37. Bf8 Nc5 38. Kh4 Ne4 39. Bg7 Qxc6
40. Kh5 Qd5 41. h4 b5 42. Kh6 Kb7 43. g6 b4 44. Ba1 a3 45. Qf7 Qc6 46. Kh7 Nd6
47. Qf4 b3 48. Qb4+ Qb5 49. Qxa3 Qh5+ 50. Kg7 Ne8+ 51. Kf7 Nd6+ 52. Kg7 Ne8+
53. Kf8 Qxg6 54. Qxb3+ Kc8 55. Qg8 Qh5 56. Qe6+ Kb7 57. Qe4+ Kb6 58. Qb4+ Kc6
59. Qa4+ Kd5 60. Qxe8 Qxh4 1/2-1/2

[Event "International Championship of Central Serbia 2015 - OPEN A"]
[Site "Paracin, hotel Petrus"]
[Date "2015.07.04"]
[Round "3.32"]
[White "Dogan, Nazmi Can"]
[Black "Strugnell, Carl"]
[Result "0-1"]
[WhiteElo "2182"]
[BlackElo "2275"]
[PlyCount "122"]
[EventDate "2015.07.03"]

1. e4 e6 2. d4 d5 3. Nc3 Bb4 4. exd5 exd5 5. Bd3 c6 6. h3 Ne7 7. Qh5 Nd7 8. Bg5
Qa5 9. Nge2 Ng8 10. O-O Ngf6 11. Qh4 Be7 12. Ng3 Nf8 13. Rfe1 Kd8 14. Rxe7 Kxe7
15. Re1+ Be6 16. Nh5 Ng6 17. Bxf6+ Kd7 18. Qg3 gxf6 19. Nxf6+ Kc8 20. Rxe6 fxe6
21. Qd6 Nf8 22. Qe7 Qd8 23. Qg7 Ng6 24. Nxh7 Nf4 25. Nf6 Rf8 26. Ng4 Qe8 27.
Qe5 Qe7 28. Bf1 b5 29. g3 Rf5 30. Qe3 Ng6 31. a4 b4 32. Nd1 a5 33. Qh6 Qg5 34.
Qh7 Nf8 35. Qh8 Qh5 36. Qg7 Qf7 37. Qh6 Rh5 38. Qd2 Nd7 39. c3 Rb8 40. c4 Kc7
41. Nde3 Rf8 42. Qd3 Qh7 43. Qe2 Rxh3 44. Bxh3 Qxh3 45. cxd5 exd5 46. Qf1 Qxf1+
47. Kxf1 Kd6 48. Ke2 c5 49. Kd3 c4+ 50. Kc2 b3+ 51. Kd2 Nb6 52. f4 Nxa4 53. Nd1
Ke6 54. Nge3 Rh8 55. f5+ Kd6 56. g4 Rh2+ 57. Kc1 Re2 58. f6 Nxb2 59. f7 Nd3+
60. Kb1 Ke7 61. Nxd5+ Kxf7 0-1

[Event "International Championship of Central Serbia 2015 - OPEN A"]
[Site "Paracin, hotel Petrus"]
[Date "2015.07.04"]
[Round "3.33"]
[White "Dezelin, Milan"]
[Black "Aleksic, Neven"]
[Result "1-0"]
[WhiteElo "2267"]
[BlackElo "2068"]
[PlyCount "71"]
[EventDate "2015.07.03"]

1. d4 Nf6 2. Nf3 e6 3. Bg5 d5 4. Nbd2 c5 5. c3 Qb6 6. Qb3 Nc6 7. e3 Bd7 8. Be2
Be7 9. O-O h6 10. Bf4 O-O 11. Qxb6 axb6 12. Bc7 Rfc8 13. Bxb6 c4 14. b4 Ra3 15.
Nb1 Ra6 16. Bc5 Bxc5 17. dxc5 Na7 18. Ne5 Ba4 19. Bf3 Bc2 20. Nd2 Ra3 21. Rfc1
Bh7 22. Ndxc4 dxc4 23. Nxc4 Nb5 24. Bxb7 Rc7 25. Nxa3 Nxa3 26. Rd1 Bg6 27. Rd8+
Kh7 28. Bf3 Nd7 29. Ra8 Nb1 30. c6 Ne5 31. b5 Nc4 32. a4 Bd3 33. a5 Nbd2 34. b6
Nxf3+ 35. gxf3 Rxc6 36. b7 1-0

[Event "International Championship of Central Serbia 2015 - OPEN A"]
[Site "Paracin, hotel Petrus"]
[Date "2015.07.04"]
[Round "3.34"]
[White "Malekian, Babak"]
[Black "Aydincelebi, Kagan"]
[Result "1/2-1/2"]
[WhiteElo "2262"]
[BlackElo "1910"]
[PlyCount "78"]
[EventDate "2015.07.03"]

1. d4 Nf6 2. c4 c5 3. d5 e6 4. Nc3 exd5 5. cxd5 d6 6. g3 g6 7. Bg2 Bg7 8. Nf3
O-O 9. O-O Na6 10. Nd2 Nc7 11. a4 b6 12. h3 Ba6 13. Re1 Re8 14. Kh2 Nd7 15.
Nde4 Qe7 16. Bg5 Qf8 17. Bf4 Ne5 18. Bc1 h6 19. f4 Nc4 20. e3 f5 21. Nf2 Re7
22. e4 Rae8 23. Qc2 Bxc3 24. bxc3 Nxd5 25. Bd2 Nc7 26. exf5 Rxe1 27. Rxe1 Rxe1
28. Bxe1 Ne3 29. Qe4 Nxg2 30. Qxg2 gxf5 31. g4 fxg4 32. Nxg4 Kh8 33. c4 Qxf4+
34. Bg3 Qxc4 35. Bxd6 Ne8 36. Be5+ Kh7 37. Qc6 Qe2+ 38. Kg3 Qe1+ 39. Kh2 Qe2+
1/2-1/2

[Event "International Championship of Central Serbia 2015 - OPEN A"]
[Site "Paracin, hotel Petrus"]
[Date "2015.07.04"]
[Round "3.35"]
[White "Velikic, Adela"]
[Black "Persson, Andreas"]
[Result "0-1"]
[WhiteElo "2128"]
[BlackElo "2258"]
[PlyCount "92"]
[EventDate "2015.07.03"]

1. e4 e5 2. Nf3 Nc6 3. Bc4 Bc5 4. c3 Nf6 5. d3 a6 6. O-O d6 7. Be3 Bxe3 8. fxe3
Na5 9. Bb3 Nxb3 10. axb3 O-O 11. Nbd2 Qe7 12. Qc2 Bd7 13. Rae1 a5 14. c4 a4 15.
b4 b5 16. c5 d5 17. d4 exd4 18. exd4 dxe4 19. Nxe4 Nxe4 20. Rxe4 Qd8 21. Ne5
Be6 22. Ref4 Qd5 23. Rh4 h6 24. Rf3 f6 25. Ng6 Rfe8 26. Qf2 Qc4 27. h3 Bd5 28.
Rc3 Qe2 29. Rf4 Qe1+ 30. Qxe1 Rxe1+ 31. Rf1 Rae8 32. Rxe1 Rxe1+ 33. Kf2 Re4 34.
Re3 Rxd4 35. Re2 Be4 36. Ke3 Rxb4 37. Nf4 Kf7 38. Rd2 Bc6 39. Nd3 Re4+ 40. Kf2
b4 41. Rc2 Bb5 42. Ne1 c6 43. Nf3 Rc4 44. Rxc4 Bxc4 45. Nd4 a3 46. bxa3 bxa3
0-1

[Event "International Championship of Central Serbia 2015 - OPEN A"]
[Site "Paracin, hotel Petrus"]
[Date "2015.07.04"]
[Round "3.36"]
[White "Dimitrijevic, Dusan"]
[Black "Radovic, Janko"]
[Result "0-1"]
[WhiteElo "2115"]
[BlackElo "2256"]
[PlyCount "52"]
[EventDate "2015.07.03"]

1. d4 Nf6 2. Nf3 c5 3. dxc5 e6 4. e3 Bxc5 5. Bd3 O-O 6. O-O Be7 7. a3 d6 8. b4
e5 9. Nbd2 Be6 10. Bb2 h6 11. Qe2 Nbd7 12. Rfd1 Nb6 13. Rac1 a5 14. c4 axb4 15.
axb4 Ra2 16. Rc2 Qa8 17. c5 Nbd5 18. cxd6 Bxd6 19. Bc4 Rc8 20. e4 Rxb2 21. Rxb2
Nc3 22. Qd3 Nxd1 23. Rb1 Nb2 24. Rxb2 Rxc4 25. Qxd6 Rc1+ 26. Nf1 Qa1 0-1

[Event "International Championship of Central Serbia 2015 - OPEN A"]
[Site "Paracin, hotel Petrus"]
[Date "2015.07.04"]
[Round "3.37"]
[White "Kinsiz, Onur"]
[Black "Egorova, Ayyyna"]
[Result "1-0"]
[WhiteElo "2253"]
[BlackElo "1901"]
[PlyCount "77"]
[EventDate "2015.07.03"]

1. e4 Nf6 2. e5 Nd5 3. d4 d6 4. c4 Nb6 5. exd6 cxd6 6. Nc3 g6 7. Be3 Bg7 8. Rc1
O-O 9. b3 a5 10. Be2 a4 11. Nf3 Bg4 12. O-O Nc6 13. h3 Bxf3 14. Bxf3 axb3 15.
axb3 Nd7 16. Nb5 f5 17. Qd2 Qa5 18. Rfe1 Qxd2 19. Bxd2 Nxd4 20. Nxd4 Bxd4 21.
Rxe7 Nc5 22. Bxb7 Rae8 23. Bd5+ Kh8 24. Rxe8 Rxe8 25. Rb1 Rb8 26. b4 Nd3 27.
Kf1 Nxf2 28. Bf4 Rb6 29. b5 Nd3 30. Bg5 Be5 31. Bd8 Rb8 32. Bc7 Re8 33. b6 Nc5
34. b7 Na6 35. b8=Q Nxb8 36. Rxb8 Rxb8 37. Bxb8 Kg7 38. c5 Kf6 39. c6 1-0

[Event "International Championship of Central Serbia 2015 - OPEN A"]
[Site "Paracin, hotel Petrus"]
[Date "2015.07.04"]
[Round "3.38"]
[White "Verendel, Jan"]
[Black "Todorovic, Nenad I"]
[Result "1-0"]
[WhiteElo "1964"]
[BlackElo "2252"]
[PlyCount "109"]
[EventDate "2015.07.03"]

1. d4 Nf6 2. c4 e6 3. Nc3 Bb4 4. Qc2 O-O 5. a3 Bxc3+ 6. Qxc3 d6 7. Nf3 Nc6 8.
Bg5 h6 9. Bh4 g5 10. Bg3 Ne4 11. Qd3 f5 12. h3 Nxg3 13. fxg3 Qf6 14. O-O-O e5
15. dxe5 dxe5 16. Qc3 e4 17. Qxf6 Rxf6 18. Nd4 Nxd4 19. Rxd4 e3 20. Rd3 Re6 21.
Rd8+ Kg7 22. g4 fxg4 23. g3 Re4 24. b3 a5 25. Bg2 Re6 26. hxg4 Rb6 27. Kb2 a4
28. b4 Rd6 29. Rxd6 cxd6 30. Bf3 Be6 31. Rd1 Bxc4 32. Rxd6 Rf8 33. Kc3 Ba6 34.
Kd4 Rc8 35. Bxb7 Bxb7 36. Rd7+ Kf6 37. Rxb7 Rc2 38. Rb6+ Kg7 39. Re6 Rd2+ 40.
Kc5 Rxe2 41. Kb5 Kf7 42. Re4 Kf6 43. Kxa4 h5 44. gxh5 Kf5 45. Re8 Kg4 46. h6
Kxg3 47. h7 Rh2 48. h8=Q Rxh8 49. Rxh8 e2 50. Re8 Kf2 51. b5 g4 52. b6 g3 53.
b7 g2 54. b8=Q g1=Q 55. Qb6+ 1-0

[Event "International Championship of Central Serbia 2015 - OPEN A"]
[Site "Paracin, hotel Petrus"]
[Date "2015.07.04"]
[Round "3.39"]
[White "Tscharotschkin, Michael"]
[Black "Todorovic, Bojan"]
[Result "0-1"]
[WhiteElo "2182"]
[BlackElo "2361"]
[PlyCount "90"]
[EventDate "2015.07.03"]

1. e4 e5 2. Nf3 Nc6 3. d4 exd4 4. c3 d3 5. Bxd3 d6 6. Bc4 Nf6 7. Bf4 Be7 8.
Nbd2 O-O 9. O-O Bg4 10. Qc2 Nd7 11. h3 Bh5 12. Nd4 Nce5 13. Nf5 Nxc4 14. Nxc4
Bg6 15. Nce3 Bf6 16. Rad1 Re8 17. f3 a5 18. Rf2 a4 19. Rfd2 Be5 20. Bxe5 Nxe5
21. f4 Nc6 22. g4 Bxf5 23. Nxf5 Qf6 24. Rf2 Qe6 25. Ng3 Qxa2 26. f5 f6 27. g5
fxg5 28. Qd2 Qf7 29. Qxg5 Qf6 30. Qf4 a3 31. bxa3 Kh8 32. Nh5 Qe5 33. Qg5 Re7
34. Re1 Qxc3 35. Ref1 Ne5 36. Qh4 Rf7 37. Nf4 Rf6 38. Nd5 Qd4 39. Kh2 Rh6 40.
Qf4 Rxa3 41. h4 Qd3 42. Rg2 Qh3+ 43. Kg1 Rxh4 44. Qg5 Qh1+ 45. Kf2 Rf3+ 0-1

[Event "International Championship of Central Serbia 2015 - OPEN A"]
[Site "Paracin, hotel Petrus"]
[Date "2015.07.04"]
[Round "3.40"]
[White "Cerovic, Danilo"]
[Black "Zarkovic, Mila"]
[Result "0-1"]
[WhiteElo "2359"]
[BlackElo "2209"]
[PlyCount "66"]
[EventDate "2015.07.03"]

1. e4 c5 2. Nf3 e6 3. d4 cxd4 4. Nxd4 a6 5. Nc3 d6 6. Bd3 Nf6 7. O-O Be7 8. Kh1
O-O 9. f4 Nbd7 10. Qe2 Nc5 11. Bd2 e5 12. fxe5 Bg4 13. exf6 Bxe2 14. fxe7 Qxe7
15. Ndxe2 b5 16. Ng3 Rac8 17. Nd5 Qe6 18. Bc3 f6 19. Rf3 Rf7 20. Raf1 Rcf8 21.
h3 Re8 22. Nf5 Ref8 23. Rg3 Kh8 24. Nxg7 Rxg7 25. Rxg7 Kxg7 26. Nxf6 Kg6 27.
Rf3 Nxd3 28. cxd3 Qxa2 29. Rg3+ Kf7 30. Nd5 Ke6 31. Rg7 Rf7 32. Rg8 Qb1+ 33.
Kh2 Qxd3 0-1

[Event "International Championship of Central Serbia 2015 - OPEN A"]
[Site "Paracin, hotel Petrus"]
[Date "2015.07.04"]
[Round "3.41"]
[White "Vucinic, Gojko"]
[Black "Johansson, Thomas"]
[Result "1/2-1/2"]
[WhiteElo "2328"]
[BlackElo "2180"]
[PlyCount "104"]
[EventDate "2015.07.03"]

1. e4 Nf6 2. e5 Nd5 3. d4 d6 4. Nf3 dxe5 5. Nxe5 c6 6. Be2 Nd7 7. Nf3 g6 8. O-O
Bg7 9. c4 Nc7 10. Nc3 O-O 11. Bg5 h6 12. Be3 f5 13. d5 e5 14. dxe6 Nxe6 15. Nd4
Ne5 16. Nxe6 Bxe6 17. Qc1 Qh4 18. Rd1 f4 19. g3 fxg3 20. hxg3 Qh3 21. Rd6 Ng4
22. Bxg4 Bxg4 23. Qf1 Qh5 24. f4 Rfe8 25. Re1 Bf3 26. Kf2 Bxc3 27. bxc3 Be4 28.
Re2 Qf3+ 29. Ke1 Qxg3+ 30. Qf2 Qg4 31. Bd4 Bd3 32. Re3 Bf5 33. Be5 Rad8 34. c5
b6 35. Rg3 Qh5 36. Qd4 Qh4 37. Kf2 Kf7 38. cxb6 axb6 39. Qc4+ Re6 40. Qxc6
Rexd6 41. Bxd6 Qf6 42. Qc4+ Be6 43. Qc7+ Rd7 44. Qb8 Qd8 45. Qxd8 Rxd8 46. Bc7
Rd2+ 47. Kg1 b5 48. Rg2 Rd3 49. Be5 h5 50. Bd4 h4 51. Be5 Bd5 52. Rg5 Bxa2
1/2-1/2

[Event "International Championship of Central Serbia 2015 - OPEN A"]
[Site "Paracin, hotel Petrus"]
[Date "2015.07.04"]
[Round "3.42"]
[White "Arsic, Djordje"]
[Black "Somborski, Nebojsa"]
[Result "0-1"]
[WhiteElo "2153"]
[BlackElo "2325"]
[Annotator "Natasa"]
[PlyCount "89"]
[EventDate "2015.07.03"]

1. e4 e5 2. Nf3 Nc6 3. Nc3 Nf6 4. d4 exd4 5. Nxd4 Bb4 6. Nxc6 bxc6 7. Bd3 d5 8.
exd5 cxd5 9. O-O O-O 10. h3 Rb8 11. Qf3 c6 12. Bg5 Bd6 13. b3 h6 14. Bf4 Be6
15. Ne2 c5 16. Rad1 Rb6 17. Ng3 Bxf4 18. Qxf4 Qb8 19. Qf3 a5 20. Nf5 Bxf5 21.
Qxf5 Re8 22. Rfe1 Rbe6 23. Rxe6 Rxe6 24. Bf1 Qb4 25. g3 g6 26. Qf3 Kg7 27. Kh2
a4 28. Bg2 axb3 29. axb3 Re5 30. Qd3 d4 31. Ra1 Re7 32. Bf3 h5 33. Kg2 Nh7 34.
h4 Nf6 35. Ra4 Qe1 36. Qd1 Qxd1 37. Bxd1 Nd5 38. Rc4 Rc7 39. Be2 Nb6 40. Bf1
Kf6 41. Bd3 Nxc4 42. Bxc4 Re7 43. Kf3 Re1 44. Bd3 Ke5 45. Bc4 {unreadable} 0-1

[Event "International Championship of Central Serbia 2015 - OPEN A"]
[Site "Paracin, hotel Petrus"]
[Date "2015.07.04"]
[Round "3.43"]
[White "Nikolovski, Nikola"]
[Black "Kuzmanovic, Slobodan"]
[Result "1/2-1/2"]
[WhiteElo "2293"]
[BlackElo "2173"]
[PlyCount "56"]
[EventDate "2015.07.03"]

1. b3 e5 2. Bb2 Nc6 3. e3 Nf6 4. Bb5 Bd6 5. Na3 Na5 6. Be2 a6 7. c4 Qe7 8. Nc2
Nc6 9. Nf3 O-O 10. d4 exd4 11. Nfxd4 Nxd4 12. Qxd4 Re8 13. Bf3 Be5 14. Qxe5
Qxe5 15. Bxe5 Rxe5 16. Ke2 d5 17. c5 Bg4 18. Nd4 c6 19. Bxg4 Nxg4 20. h3 Nf6
21. b4 g6 22. a4 Nd7 23. Rhc1 Kf8 24. Rab1 Rc8 25. h4 h5 26. g3 Ree8 27. Rc3
Rc7 28. Rbb3 Rec8 1/2-1/2

[Event "International Championship of Central Serbia 2015 - OPEN A"]
[Site "Paracin, hotel Petrus"]
[Date "2015.07.04"]
[Round "3.44"]
[White "Markovic, Miroslav R"]
[Black "Cvetanovic, Uros"]
[Result "1/2-1/2"]
[WhiteElo "2114"]
[BlackElo "2264"]
[PlyCount "100"]
[EventDate "2015.07.03"]

1. d4 Nf6 2. c4 e6 3. Nc3 Bb4 4. Qc2 O-O 5. Bg5 h6 6. Bh4 d6 7. e3 Nbd7 8. Bd3
Bxc3+ 9. Qxc3 b6 10. Ne2 Bb7 11. O-O g5 12. Bg3 Ne4 13. Qc2 f5 14. f3 Nxg3 15.
Nxg3 Qe7 16. Rae1 f4 17. exf4 gxf4 18. Ne4 Qg7 19. Qf2 Rae8 20. Kh1 Bxe4 21.
Bxe4 Nf6 22. Rg1 Nh5 23. Qh4 Qf7 24. Qg4+ Kh8 25. Qg6 Qxg6 26. Bxg6 Ng7 27.
Bxe8 Rxe8 28. Re4 Rf8 29. Rge1 Rf6 30. Kg1 Kg8 31. b4 Kf7 32. Kf2 Ke7 33. a4
Kd7 34. d5 e5 35. c5 Nf5 36. cxb6 cxb6 37. Rd1 Rg6 38. Rd3 Rg8 39. Rc4 Ne3 40.
Rxe3 fxe3+ 41. Kg1 b5 42. axb5 Rb8 43. Kf1 Rxb5 44. Ke2 Rxd5 45. Kxe3 Rb5 46.
Rh4 Kc6 47. Kd3 Rb8 48. Kc3 Rg8 49. g3 Rf8 50. f4 exf4 1/2-1/2

[Event "International Championship of Central Serbia 2015 - OPEN A"]
[Site "Paracin, hotel Petrus"]
[Date "2015.07.04"]
[Round "3.45"]
[White "Furman, Boris"]
[Black "Ludvigsen, Frode"]
[Result "1/2-1/2"]
[WhiteElo "2239"]
[BlackElo "2085"]
[PlyCount "41"]
[EventDate "2015.07.03"]

1. d4 e6 2. c4 d5 3. cxd5 exd5 4. Nc3 c5 5. Nf3 Nc6 6. g3 Nf6 7. Bg2 Be7 8. O-O
O-O 9. b3 Be6 10. Bb2 Qa5 11. dxc5 Bxc5 12. Na4 Be7 13. Nd4 Rfd8 14. Nxc6 bxc6
15. Rc1 Rac8 16. Qc2 c5 17. Ba3 Bf8 18. Rfd1 c4 19. Bxf8 Kxf8 20. Qb2 cxb3 21.
axb3 1/2-1/2

[Event "International Championship of Central Serbia 2015 - OPEN A"]
[Site "Paracin, hotel Petrus"]
[Date "2015.07.04"]
[Round "3.46"]
[White "Lekic, Lazar"]
[Black "Konstantinov, Aleksandar"]
[Result "1/2-1/2"]
[WhiteElo "2235"]
[BlackElo "2046"]
[PlyCount "69"]
[EventDate "2015.07.03"]

1. e4 e6 2. d4 d5 3. Nd2 c5 4. exd5 Qxd5 5. Ngf3 cxd4 6. Bc4 Qd6 7. O-O Nf6 8.
Nb3 Nc6 9. Nbxd4 Nxd4 10. Nxd4 a6 11. a4 Qc7 12. b3 Bd6 13. h3 O-O 14. Bb2 b6
15. Nf3 Rd8 16. Qe2 Bb7 17. Bd3 Bxf3 18. Qxf3 Be5 19. Bxe5 Qxe5 20. Rfe1 Qd5
21. Qe2 Qb7 22. Rad1 a5 23. Bc4 Qc7 24. Rd3 Rxd3 25. Bxd3 Rd8 26. Qe5 Qxe5 27.
Rxe5 Rd5 28. Rxd5 Nxd5 29. Be4 Nf6 30. Bb7 Kf8 31. Kf1 Ke7 32. Ke2 Kd6 33. Kd3
Kc5 34. c3 e5 35. g3 1/2-1/2